000 00608cam a2200205 a 4500
001 000006043
005 20200929151911.0
008 970913s1996 ve 000 p spa
020 _a9800108831
040 _aDO-SdBNP
_bspa
_cBNPHU
082 _aV861.44
_bO84c
100 1 _aOssott, Hanni,
_d1946-2002.
_917035
245 1 3 _aEl circo roto :
_bpoemas 1990-1993 /
_cHanni Ossott.
260 _aCaracas, Venezuela :
_bMonte Ávila,
_c1996.
300 _a87 p. ;
_c20 cm.
490 1 _aAltazor
650 4 _aPoesía venezolana
_94230
650 4 _aLiteratura venezolana
_ySIGLO XX
_99777
830 0 _aAltazor
_98724
999 _c5839
_d5839